Star Wars: Bedeutende Systeme/Planeten - Statistiken

Allgemein
  • Dieses Quiz wurde 1.467 mal gespielt
  • Das Durchschnittsergebnis liegt bei 8 aus 16
Antwortstatistiken
Hinweis Region Antwort % Korrekt
Gungangs/Padmé Aimidala Mittlerer Rand Naboo
88%
Wüstenplanet/Mos Eisley Äusserer Rand Tatooine
83%
Hauptplanet/Jedi Tempel Kernwelt Coruscant
82%
Durch den 1. Todesstern zerstört Kernwelt Alderaan
77%
Heimat der Wookiees Mittlerer Rand Kashyyyk
70%
Wasserwelt/Etwa 12 Parsec ausserhalb des Rishi-Maze Wilder Raum Kamino
67%
Obi-Wan, Anakin Skywalker und Padmé Aimidala sollten hier hingerichtet werden. 1. Schlacht der Klonkriege Äusserer Rand Geonosis
61%
Tauntaun/Echo-Basis/Admiral Ozzel wird in der Umlaufbahn von Vader erwürgt Äusserer Rand Hoth
57%
Wüstenplanet/Rey Innerer Rand Jakku
55%
Darth Mauls Heimatplanet/Nachtschwestern Äusserer Rand Dathomir
40%
Tibana-Gas/Ich liebe dich - Ich weiss Äusserer Rand Bespin
34%
Han Solos Heimatplanet Kernwelt Corellia
30%
Maz Kanatas Schloss ist auf diesem Planeten Mittlerer Rand Takodana
22%
Boba Fetts Heimatplanet Äusserer Rand Mandalore
17%
Mond, mit Urwald bedekt. Über eine Million Imperiale Truppen sterben in der Umlaufbahn bei einem Angriff der Rebellen. Äusserer Rand Yavin IV
13%
Beheimatet eine der grössten Raumschiffwerften/Produziert Sternenzerstörer Kernwelt Kuat
12%
Keine übereinstimmenden Quizze gefunden
Verteilung der Resultate
Anzahl Personen mit jedem Resultat
Perzentil nach korrekt beantworteten Fragen
Ihre Resultats-Entwicklung
Sie haben dieses Quiz noch nicht gespielt